<?xml version="1.0" encoding="UTF-8"?>
<record
    xmlns:xsi="http://www.w3.org/2001/XMLSchema-instance"
    xsi:schemaLocation="http://www.loc.gov/MARC21/slim http://www.loc.gov/standards/marcxml/schema/MARC21slim.xsd"
    xmlns="http://www.loc.gov/MARC21/slim">

  <leader>04754nam a2200409 a 4500</leader>
  <controlfield tag="001">19874</controlfield>
  <controlfield tag="003">FlNmELB</controlfield>
  <controlfield tag="005">20241216213812.0</controlfield>
  <controlfield tag="006">m     o  d |      </controlfield>
  <controlfield tag="007">cr cn|||||||||</controlfield>
  <controlfield tag="008">201208r2010    ag |||||s|||||||||||spa d</controlfield>
  <datafield tag="035" ind1=" " ind2=" ">
    <subfield code="a">(MiAaPQ)EBC3200377</subfield>
  </datafield>
  <datafield tag="035" ind1=" " ind2=" ">
    <subfield code="a">(Au-PeEL)EBL3200377</subfield>
  </datafield>
  <datafield tag="035" ind1=" " ind2=" ">
    <subfield code="a">(CaPaEBR)ebr10576947</subfield>
  </datafield>
  <datafield tag="035" ind1=" " ind2=" ">
    <subfield code="a">(OCoLC)929368152</subfield>
  </datafield>
  <datafield tag="040" ind1=" " ind2=" ">
    <subfield code="a">FlNmELB</subfield>
    <subfield code="b">spa</subfield>
    <subfield code="c">FlNmELB</subfield>
  </datafield>
  <datafield tag="050" ind1=" " ind2="4">
    <subfield code="a">SB91</subfield>
    <subfield code="b">C933 2010</subfield>
  </datafield>
  <datafield tag="080" ind1=" " ind2=" ">
    <subfield code="a">63</subfield>
  </datafield>
  <datafield tag="082" ind1="0" ind2="4">
    <subfield code="a">630</subfield>
    <subfield code="2">22</subfield>
  </datafield>
  <datafield tag="100" ind1="1" ind2=" ">
    <subfield code="a">Cristiano, Piedad Mar&#xED;a.</subfield>
  </datafield>
  <datafield tag="245" ind1="1" ind2="0">
    <subfield code="a">Estimaci&#xF3;n de la productividad primaria mediante el modelo de eficiencias y sensores remotos</subfield>
    <subfield code="h">[recurso electronico] =</subfield>
    <subfield code="b">Primary productivity estimation by efficiency model and remote sensing /</subfield>
    <subfield code="c">Piedad Mar&#xED;a Cristiano ; director: Gabriela Posse Beaulieu.</subfield>
  </datafield>
  <datafield tag="246" ind1="3" ind2="2">
    <subfield code="a">Primary productivity estimation by efficiency model and remote sensing</subfield>
  </datafield>
  <datafield tag="260" ind1=" " ind2=" ">
    <subfield code="a">Buenos Aires, Argentina :</subfield>
    <subfield code="b">Universidad de Buenos Aires,</subfield>
    <subfield code="c">2010.</subfield>
  </datafield>
  <datafield tag="300" ind1=" " ind2=" ">
    <subfield code="a">106 p.</subfield>
  </datafield>
  <datafield tag="502" ind1=" " ind2=" ">
    <subfield code="a">Universidad de Buenos Aires. Facultad de Ciencias Exactas y Naturales.</subfield>
  </datafield>
  <datafield tag="520" ind1=" " ind2=" ">
    <subfield code="a">Uno de los modelos m&#xE1;s utilizados para estimar la Productividad Primaria Neta (PPN) a escala regional es el de eficiencias de Kumar and Monteith que permite la inclusi&#xF3;n de informaci&#xF3;n satelital. Uno de los par&#xE1;metros clave es la eficiencia en su utilizaci&#xF3;n (EUR), afectado por los factores de estr&#xE9;s. El objetivo fue mejorar las estimaciones a escala regional de la PPN en pastizales, bajo distintas condiciones de estr&#xE9;s proponiendo una cartograf&#xED;a tem&#xE1;tica de EUR para la regi&#xF3;n pampeana, teniendo en cuenta los factores de estr&#xE9;s predominantes (h&#xED;drico y nutricional). A trav&#xE9;s de ensayos manipulativos, se determinaron los cambios en la EUR en 4 gram&#xED;neas y en una pastura multiespec&#xED;fica donde se incluy&#xF3; el efecto del pastoreo. Para regionalizar los resultados, se gener&#xF3; una cartograf&#xED;a tem&#xE1;tica de las condiciones h&#xED;dricas y nutricionales de la regi&#xF3;n. Para validar este mapa se estim&#xF3; la PPNA mensual y anual utilizando im&#xE1;genes MODIS que se compararon con datos de PPNA estimados a campo y con los resultados de otros dos modelos com&#xFA;nmente utilizados. En los ensayos monoespec&#xED;ficos la EUR vari&#xF3; entre 2.3-5.2 g/MJ bajo condiciones &#xF3;ptimas de crecimiento y entre 1.02-1.75 g/MJ en las plantas con estr&#xE9;s. En el ensayo multiespec&#xED;fico, la EUR vari&#xF3; entre 0.63-1.94 g/MJ. La PPNA estimada anual present&#xF3; los menores valores en el suroeste de la regi&#xF3;n (menor a 5800 kg/ha.a&#xF1;o) y fue aumentando hacia el noreste hasta alcanzar valores de 14500 kg/ha.a&#xF1;o. La validaci&#xF3;n con datos de PPNA observados y estimados por otros modelos indican que nuestro modelo de EUR variable presenta mayor nivel de ajuste que el de EUR fija.</subfield>
  </datafield>
  <datafield tag="520" ind1=" " ind2=" ">
    <subfield code="a">One of the most commonly models used to estimate net primary productivity (NPP) at regional level is that of Kumar and Monteith efficiencies that allows the inclusion of satellite information. One of the key parameters is the radiation use efficiency (RUE), affected by different stresses. The aim was to improve regional estimates of NPP in grasslands under different stress conditions suggesting a thematic mapping of RUE for the Pampas region, taking into account the prevailing factors of stress (water and nutrition). Through manipulative experiments, changes in the EUR were identified in 4 grasses and a multispecies pasture where the effect of grazing was included. To regionalize these results, we generated a thematic mapping of water and nutritional conditions of the region. To validate this map, the monthly and annual aerial NPP (ANPP) was estimated using MODIS images. Data were compared with ANPP from field data and the results of two other commonly used models. In monospecific experiments, RUE ranged from 2.3-5.2 g/MJ under optimal growth conditions and between 1.02-1.75 g/MJ in plants under stress. In the multispecies experiment, the RUE varied between 0.63-1.94 g/MJ. The estimated annual PPNA presented the lowest values in the southwestern region (minor than 5800 kg/ha.year) and was increasing towards the northeast to reach values of 14,500 kg/ha.year. The validation results indicate that our variable RUE model presents adjustment higher than the fixed RUE model.</subfield>
  </datafield>
  <datafield tag="533" ind1=" " ind2=" ">
    <subfield code="a">Recurso electr&#xF3;nico. Santa Fe, Arg.: e-libro, 2015. Disponible v&#xED;a World Wide Web. El acceso puede estar limitado para las bibliotecas afiliadas a e-libro.</subfield>
  </datafield>
  <datafield tag="650" ind1=" " ind2="4">
    <subfield code="a">Agronom&#xED;a.</subfield>
  </datafield>
  <datafield tag="650" ind1=" " ind2="4">
    <subfield code="a">Sensores remotos.</subfield>
  </datafield>
  <datafield tag="650" ind1=" " ind2="4">
    <subfield code="a">Agronomy.</subfield>
  </datafield>
  <datafield tag="650" ind1=" " ind2="4">
    <subfield code="a">Remote sensing.</subfield>
  </datafield>
  <datafield tag="655" ind1=" " ind2="4">
    <subfield code="a">Libros electr&#xF3;nicos.</subfield>
  </datafield>
  <datafield tag="700" ind1="1" ind2=" ">
    <subfield code="a">Posse Beaulieu, Gabriela,</subfield>
    <subfield code="e">dir.</subfield>
  </datafield>
  <datafield tag="710" ind1="2" ind2=" ">
    <subfield code="a">e-libro, Corp.</subfield>
  </datafield>
  <datafield tag="856" ind1="4" ind2="0">
    <subfield code="u">https://elibro.net/ereader/politecnicointernacional/85634</subfield>
  </datafield>
  <datafield tag="999" ind1=" " ind2=" ">
    <subfield code="c">19874</subfield>
    <subfield code="d">19874</subfield>
  </datafield>
</record>
